Medziľudské vzťahy a imidž firmy aj interná komunikácia pracovníkov ovplyvňuje vnímanie spoločnosti verejnosťou
Dôležitosť internej komunikácie medzi jednotlivými pracovníkmi. Medziľudské vzťahy vo vnútri firmy. Nástroje na vytvorenie atmosféry otvorenosti. Presnosť a dôslednosť k obchodným partnerom. Otvorená výmena informácií a spoľahlivosť.
Salvato in:
| Autore principale: | |
|---|---|
| Natura: | Capitolo di libro |
| Lingua: | slovacco |
| Soggetti: | |
| Tags: |
Nessun Tag, puoi essere il primo ad aggiungerne!!
|
MARC
| LEADER | 00000naa$a2200000$$$4500 | ||
|---|---|---|---|
| 001 | 0114270 | ||
| 005 | 20220725111453.6 | ||
| 041 | 0 | |a slo | |
| 044 | |a SK | ||
| 245 | 1 | 0 | |a Medziľudské vzťahy a imidž firmy |b aj interná komunikácia pracovníkov ovplyvňuje vnímanie spoločnosti verejnosťou |c Jana Škutková |
| 520 | |a Dôležitosť internej komunikácie medzi jednotlivými pracovníkmi. Medziľudské vzťahy vo vnútri firmy. Nástroje na vytvorenie atmosféry otvorenosti. Presnosť a dôslednosť k obchodným partnerom. Otvorená výmena informácií a spoľahlivosť. | ||
| 610 | 2 | 0 | |a komunikácia interpersonálna |
| 610 | 2 | 0 | |a vedenie ľudí |
| 610 | 2 | 0 | |a spolupracovníci |
| 610 | 2 | 0 | |a vzťahy medziľudské |
| 610 | 2 | 0 | |a vzťahy pracovné |
| 610 | 2 | 0 | |a kultúra podniková |
| 100 | 1 | |a Škutková, Jana | |